[Event "London Classic Open 2018"]
[Site "London ENG"]
[Date "2018.12.15"]
[Round "8.95"]
[White "Cotter, Len"]
[Black "Tomy, Jeff"]
[Result "1-0"]
[WhiteElo "1651"]
[BlackElo "1578"]
[WhiteFideId "431419"]
[BlackFideId "427489"]
[EventDate "2018.12.09"]

1. e4 c5 2. Nf3 Nc6 3. d4 cxd4 4. Nxd4 Nf6 5. Nc3 e5 6. Ndb5 d6 7. Bg5 a6 8. Na3
b5 9. Nd5 Be7 10. Nxe7 Nxe7 11. Bd3 Bb7 12. Qe2 O-O 13. c3 Rc8 14. Nc2 Ng6 15.
Ne3 Qd7 16. Bxf6 gxf6 17. g3 d5 18. exd5 Qd6 19. Be4 Qc5 20. O-O Kh8 21. Rad1
Rcd8 22. Rd3 Rg8 23. Kh1 a5 24. Ng4 Qd6 25. Nh6 Rgf8 26. Rfd1 Rc8 27. Qf3 b4 28.
Nf5 Qb6 29. Ne3 Ba6 30. R3d2 bxc3 31. bxc3 Rxc3 32. d6 Qd8 33. Qf5 Bc8 34. d7
Ba6 35. h4 Bc4 36. h5 Be6 37. Qf3 Ne7 38. Qxf6+ Kg8 39. h6 Nf5 40. Qxd8 Nxg3+
41. Kh2 Rxd8 42. Kxg3 f5 43. Bxf5 Bxf5 44. Rd5 Bc2 45. R1d2 Ba4 46. Rxe5 Bxd7
47. Rxa5 Rc6 48. Ra7 Rg6+ 49. Kf3 Bg4+ 50. Nxg4 Rxd2 51. a4 Ra2 52. Ra8+ Kf7 53.
Ne5+ Kf6 54. Nxg6 Kxg6 55. Ra6+ Kg5 56. Kg3 Ra3+ 57. f3 Rb3 58. a5 Ra3 59. Ra7
Kxh6 60. Kg4 Kg6 61. f4 h5+ 62. Kh4 Rf3 63. a6 Rxf4+ 64. Kg3 Ra4 65. Ra8 Kf7 66.
a7 Ke7 1-0

[Event "London Classic Open 2018"]
[Site "London ENG"]
[Date "2018.12.15"]
[Round "8.96"]
[White "Megias, Eva"]
[Black "Nergard, Ole-Kristian"]
[Result "0-1"]
[WhiteElo "1638"]
[BlackElo "1630"]
[WhiteFideId "465062"]
[BlackFideId "1543156"]
[EventDate "2018.12.09"]

1. e4 c5 2. f4 d5 3. exd5 Nf6 4. Bc4 a6 5. Nf3 b5 6. Be2 Nxd5 7. d4 Qc7 8. Qd2
g6 9. O-O Bg7 10. c4 bxc4 11. Bxc4 Nb6 12. Bb3 cxd4 13. Nxd4 Qc5 14. Rd1 Nc6 15.
Qc3 Bxd4+ 16. Rxd4 Qxd4+ 17. Be3 Qxc3 18. Nxc3 Rb8 19. Rd1 O-O 20. h3 Na5 21.
Bc2 Nbc4 22. Bc5 Rxb2 23. Be4 Be6 24. Kh2 Nd2 25. Bd3 Nac4 26. Bxe7 Rc8 27. Bf6
Ne3 28. Re1 Nf3+ 29. Kg3 Nxe1 30. Bxa6 Rxg2+ 31. Kh4 Nf3# 0-1

[Event "London Classic Open 2018"]
[Site "London ENG"]
[Date "2018.12.15"]
[Round "8.97"]
[White "Stoyanov, Boris"]
[Black "Buselli, Daniel"]
[Result "1-0"]
[WhiteElo "1594"]
[BlackElo "1552"]
[WhiteFideId "456462"]
[BlackFideId "515728"]
[EventDate "2018.12.09"]

1. d4 d5 2. Bf4 Nf6 3. e3 c5 4. c3 Nc6 5. Nd2 Bf5 6. Ngf3 e6 7. Qb3 Qc8 8. Ne5
Be7 9. Nxc6 bxc6 10. Be2 O-O 11. O-O cxd4 12. cxd4 c5 13. dxc5 Qxc5 14. Rfc1 Qa5
15. Nf3 Rfc8 16. Nd4 Bf8 17. Qb7 Qb6 18. Ba6 Re8 19. Nc6 1-0

[Event "London Classic Open 2018"]
[Site "London ENG"]
[Date "2018.12.16"]
[Round "9.1"]
[White "Yuffa, Daniil"]
[Black "Pert, Nicholas"]
[Result "1/2-1/2"]
[WhiteTitle "GM"]
[BlackTitle "GM"]
[WhiteElo "2572"]
[BlackElo "2546"]
[WhiteFideId "24131423"]
[BlackFideId "403989"]
[EventDate "2018.12.09"]

1. d4 d5 2. c4 c6 3. Nf3 Nf6 4. Nc3 dxc4 5. a4 Bf5 6. Ne5 e6 7. f3 Bb4 8. e4
Bxe4 9. fxe4 Nxe4 10. Bd2 Qxd4 11. Nxe4 Qxe4+ 12. Qe2 Bxd2+ 13. Kxd2 Qd5+ 14.
Kc2 Na6 15. Rd1 Qa5 16. Nxc4 Qxa4+ 17. b3 Qa2+ 18. Kc3 Qxe2 19. Bxe2 Nc7 20.
Nd6+ Ke7 21. Nxb7 Nd5+ 22. Kb2 a5 23. Nc5 Rhb8 24. Ra1 Rb4 25. Rhd1 Kd6 26. Rdc1
f5 27. Nd3 Rh4 28. h3 e5 29. Rc4 Rxc4 30. bxc4 Rb8+ 31. Kc2 Ne3+ 32. Kc3 Nxg2
33. c5+ Ke6 34. Bf3 e4 35. Bxg2 exd3 36. Kxd3 Rb3+ 37. Kd4 Rb4+ 38. Kd3 Rb3+ 39.
Kd4 Rb4+ 40. Kc3 Rb5 41. Re1+ Kf6 42. Kd4 Rb4+ 43. Kd3 Rb3+ 44. Kc4 Rb4+ 1/2-1/2

[Event "London Classic Open 2018"]
[Site "London ENG"]
[Date "2018.12.16"]
[Round "9.2"]
[White "Moussard, Jules"]
[Black "Gumularz, Szymon"]
[Result "1-0"]
[WhiteTitle "GM"]
[BlackTitle "IM"]
[WhiteElo "2591"]
[BlackElo "2462"]
[WhiteFideId "642908"]
[BlackFideId "1188062"]
[EventDate "2018.12.09"]

1. e4 c6 2. d4 d5 3. e5 Bf5 4. Nf3 e6 5. Be2 c5 6. Be3 Qb6 7. Nc3 Nc6 8. Na4
Qa5+ 9. c3 cxd4 10. Nxd4 Nxd4 11. Bxd4 Ne7 12. b4 Qc7 13. O-O Nc6 14. Rc1 Be7
15. g4 Bg6 16. f4 Be4 17. Nc5 Rd8 18. Qa4 O-O 19. Nxe4 dxe4 20. Be3 g5 21. Qc2
gxf4 22. Bxf4 Nxe5 23. Qxe4 f6 24. a3 Bd6 25. Kh1 Rf7 26. c4 Ng6 27. Bxd6 Rxd6
28. c5 Rd2 29. Rcd1 Rxd1 30. Bxd1 Nf8 31. Ba4 a5 32. Rd1 axb4 33. axb4 Qe7 34.
Rd6 f5 35. gxf5 Rxf5 36. Rd1 Qf7 37. Rg1+ Ng6 38. Bb3 Re5 39. Qg4 Qf2 40. Bxe6+
Kg7 41. Bc4 Re1 42. Bd5 Re2 43. Qd7+ Kh8 44. Qd6 Re1 45. Qg3 Rxg1+ 46. Qxg1 Qb2
47. b5 Ne7 48. Bxb7 Qxb5 49. Qd4+ Kg8 50. Bd5+ Nxd5 51. Qxd5+ Kh8 52. Qe5+ Kg8
53. Kg2 Qd3 54. Qg3+ Qxg3+ 55. Kxg3 Kf7 56. Kf4 Ke6 57. Kg5 Kd5 58. Kh6 Kxc5 59.
Kxh7 Kd6 60. h4 1-0

[Event "London Classic Open 2018"]
[Site "London ENG"]
[Date "2018.12.16"]
[Round "9.3"]
[White "Arkell, Keith C"]
[Black "Melkumyan, Hrant"]
[Result "1/2-1/2"]
[WhiteTitle "GM"]
[BlackTitle "GM"]
[WhiteElo "2453"]
[BlackElo "2670"]
[WhiteFideId "400270"]
[BlackFideId "13302485"]
[EventDate "2018.12.09"]

1. Nf3 c5 2. c4 Nc6 3. Nc3 g6 4. g3 Bg7 5. Bg2 e5 6. d3 Nge7 7. O-O d6 8. a3 O-O
9. Rb1 a5 10. Ne1 Be6 11. Nd5 Rb8 12. Nxe7+ Nxe7 13. b4 axb4 14. axb4 cxb4 15.
Rxb4 d5 16. Nc2 Qd7 17. Ba3 Rfe8 18. Ne3 d4 19. Nc2 Nc6 20. Rb6 Bh3 21. Qb1 Bxg2
22. Kxg2 e4 23. Nb4 Ra8 24. Bc1 exd3 25. exd3 h5 26. Nxc6 bxc6 27. h4 Be5 28.
Bd2 Re7 29. Re1 Rae8 30. Qd1 Re6 31. Bg5 Bf6 32. Rxe6 Rxe6 33. Qf3 Bxg5 34. hxg5
Kg7 35. Qf4 c5 36. Rxe6 Qxe6 37. Kf3 Qe7 38. Kg2 Qe6 39. Kf3 Qe7 40. Kg2 Qe6 1/2-1/2

[Event "London Classic Open 2018"]
[Site "London ENG"]
[Date "2018.12.16"]
[Round "9.4"]
[White "Elsness, Frode"]
[Black "Bogner, Sebastian"]
[Result "0-1"]
[WhiteTitle "IM"]
[BlackTitle "GM"]
[WhiteElo "2447"]
[BlackElo "2610"]
[WhiteFideId "1501100"]
[BlackFideId "4692055"]
[EventDate "2018.12.09"]

1. d4 Nf6 2. c4 e6 3. Nf3 b6 4. g3 Ba6 5. b3 c6 6. Bg2 Bb4+ 7. Bd2 Be7 8. O-O d5
9. Qc2 O-O 10. a4 Nbd7 11. a5 b5 12. c5 Ne4 13. Bb4 Qc7 14. Nfd2 f5 15. e3 e5
16. f3 Nxd2 17. Qxd2 exd4 18. exd4 f4 19. Qf2 Rf6 20. Nc3 Nf8 21. Ne2 Ng6 22.
Bd2 b4 23. Rfe1 fxg3 24. hxg3 Raf8 25. Nf4 Rxf4 26. Bxf4 Nxf4 27. gxf4 Rxf4 28.
Qe3 Kf8 29. Bh3 g6 30. Ra2 Bh4 31. Qe8+ Kg7 32. Re5 Rxd4 33. Bd7 Rd1+ 34. Kh2
Bb5 35. f4 Qd8 36. Bxc6 Qf6 37. Qd7+ Kh6 38. Qg4 Bxc6 39. Rg2 Bd7 40. Qg5+ Kg7 0-1

[Event "London Classic Open 2018"]
[Site "London ENG"]
[Date "2018.12.16"]
[Round "9.5"]
[White "Gilevych, Artem"]
[Black "Istratescu, Andrei"]
[Result "0-1"]
[WhiteTitle "IM"]
[BlackTitle "GM"]
[WhiteElo "2409"]
[BlackElo "2564"]
[WhiteFideId "14121379"]
[BlackFideId "1200372"]
[EventDate "2018.12.09"]

1. d4 Nf6 2. c4 e6 3. Nc3 Bb4 4. e3 O-O 5. Bd3 d5 6. Nf3 c5 7. cxd5 exd5 8. a3
Bxc3+ 9. bxc3 c4 10. Bc2 Bg4 11. O-O Nc6 12. Qe1 Bxf3 13. gxf3 Re8 14. Kh1 Qe7
15. Rg1 b5 16. Qf1 Qe6 17. Bd2 a5 18. Rg5 g6 19. Re1 Qd6 20. e4 Qxa3 21. e5 Nd7
22. f4 Qb2 23. Rc1 b4 24. f5 Nf8 25. Qg2 Ne7 26. f4 bxc3 27. Be3 a4 28. f6 a3
29. fxe7 a2 30. exf8=Q+ Kxf8 31. Qe2 a1=Q 32. Rxa1 Rxa1+ 33. Bg1 Qc1 34. Rg2
Qxf4 35. Rf2 Qxd4 36. Qf3 Re7 37. e6 f6 38. Kg2 Rxe6 39. Qh3 Qe5 40. Qh4 Kg7 41.
Qg4 Qe1 42. Kh3 Qxg1 43. Qxe6 Qxf2 44. Qe7+ Kh6 45. Bxg6 Qf3+ 46. Kh4 Qf4+ 47.
Kh3 hxg6 0-1

[Event "London Classic Open 2018"]
[Site "London ENG"]
[Date "2018.12.16"]
[Round "9.6"]
[White "Hillarp Persson, Tiger"]
[Black "Akash Pc, Iyer"]
[Result "1-0"]
[WhiteTitle "GM"]
[BlackTitle "IM"]
[WhiteElo "2546"]
[BlackElo "2441"]
[WhiteFideId "1700812"]
[BlackFideId "5006775"]
[EventDate "2018.12.09"]

1. Nf3 Nf6 2. c4 g6 3. Nc3 Bg7 4. d4 d6 5. e4 O-O 6. Be2 e5 7. d5 a5 8. Be3 Na6
9. Nd2 Nd7 10. g4 Ndc5 11. Rg1 Kh8 12. h4 f5 13. g5 Kg8 14. a3 f4 15. Bxc5 Nxc5
16. b4 axb4 17. axb4 Rxa1 18. Qxa1 f3 19. bxc5 fxe2 20. c6 bxc6 21. dxc6 Qe8 22.
Nd5 Kh8 23. Qa8 Qf7 24. Qa7 Be6 25. Kxe2 Bxd5 26. cxd5 Qf4 27. Rb1 Qg4+ 28. f3
Qxh4 29. Qxc7 Qxg5 30. Rb7 Qg2+ 31. Kd3 1-0

[Event "London Classic Open 2018"]
[Site "London ENG"]
[Date "2018.12.16"]
[Round "9.7"]
[White "Debashis, Das"]
[Black "Pert, Richard G"]
[Result "1/2-1/2"]
[WhiteTitle "GM"]
[BlackTitle "IM"]
[WhiteElo "2544"]
[BlackElo "2416"]
[WhiteFideId "5024854"]
[BlackFideId "404748"]
[EventDate "2018.12.09"]

1. d4 d5 2. c4 e6 3. Nc3 c5 4. cxd5 cxd4 5. Qa4+ Bd7 6. Qxd4 exd5 7. Qxd5 Nc6 8.
Nf3 Nf6 9. Qd1 Bc5 10. e3 Qe7 11. Be2 O-O-O 12. O-O Kb8 13. a3 g5 14. b4 g4 15.
Nh4 Bd6 16. Qc2 Qe6 17. Bb2 Ne5 18. e4 Rhg8 19. g3 Rc8 20. Nf5 Nf3+ 21. Bxf3
gxf3 22. Qd3 Be5 23. Rfd1 Bxc3 24. Bxc3 Nxe4 25. Nd4 Rxc3 26. Nxe6 Rxd3 27. Rxd3
Bxe6 28. Rxf3 Rd8 29. Re3 Nd2 30. Rc1 Rd4 1/2-1/2

[Event "London Classic Open 2018"]
[Site "London ENG"]
[Date "2018.12.16"]
[Round "9.8"]
[White "Ghasi, Ameet K"]
[Black "Wells, Peter K"]
[Result "1-0"]
[WhiteTitle "IM"]
[BlackTitle "GM"]
[WhiteElo "2498"]
[BlackElo "2412"]
[WhiteFideId "409200"]
[BlackFideId "400327"]
[EventDate "2018.12.09"]

1. Nf3 d5 2. g3 c6 3. Bg2 Bg4 4. O-O Nd7 5. d3 e6 6. h3 Bh5 7. e4 Bd6 8. exd5
exd5 9. c4 Ne7 10. Nc3 Nb6 11. Qb3 f6 12. cxd5 Bf7 13. Nd4 cxd5 14. Re1 Be5 15.
Nf3 Bd6 16. Qb5+ Kf8 17. Be3 Nf5 18. Bd2 h5 19. Ne2 Qe8 20. Ned4 Qxb5 21. Nxb5
Be7 22. Rac1 a6 23. Nc7 Rc8 24. Ba5 Na4 25. Nxd5 Rxc1 26. Rxc1 Bxd5 27. Rc8+ Kf7
28. Rxh8 Bxa2 29. Nd2 b6 30. b3 Nb2 31. Bd5+ Kg6 32. Bxb6 1-0

[Event "London Classic Open 2018"]
[Site "London ENG"]
[Date "2018.12.16"]
[Round "9.9"]
[White "Gormally, Daniel W"]
[Black "Megalios, Konstantinos"]
[Result "1/2-1/2"]
[WhiteTitle "GM"]
[WhiteElo "2478"]
[BlackElo "2365"]
[WhiteFideId "406465"]
[BlackFideId "4238044"]
[EventDate "2018.12.09"]

1. d4 Nf6 2. Nf3 e6 3. c4 Bb4+ 4. Nbd2 b6 5. g3 Bb7 6. Bg2 O-O 7. O-O a5 8. Nb1
Be7 9. Re1 d5 10. cxd5 exd5 11. Nc3 Nbd7 12. Bf4 Nh5 13. Bd2 Nhf6 14. Rc1 Ne4
15. Bf4 c5 16. Qb3 g5 17. Be3 c4 18. Qc2 f5 19. Nxe4 fxe4 20. Nd2 g4 21. f3 Bg5
22. Qc3 b5 23. Bxg5 Qxg5 24. fxe4 b4 25. Qc2 Qe3+ 26. Kh1 Rf2 27. Nf1 Qxd4 28.
Rcd1 Qe5 29. Ne3 Nf6 30. Kg1 Rxg2+ 31. Nxg2 Nxe4 32. Rf1 a4 33. Rf4 h5 34. Nh4
b3 35. axb3 axb3 36. Qc1 Ng5 37. Rf5 Nh3+ 38. Kf1 Qe4 39. Ke1 Re8 40. Rg5+ Kf7
41. Rf5+ Kg8 42. Rg5+ Kf7 43. Rf5+ 1/2-1/2

[Event "London Classic Open 2018"]
[Site "London ENG"]
[Date "2018.12.16"]
[Round "9.10"]
[White "Flear, Glenn C"]
[Black "McDonald, Neil"]
[Result "1/2-1/2"]
[WhiteTitle "GM"]
[BlackTitle "GM"]
[WhiteElo "2451"]
[BlackElo "2403"]
[WhiteFideId "400165"]
[BlackFideId "400629"]
[EventDate "2018.12.09"]

1. d4 d5 2. c4 e6 3. Nc3 Be7 4. cxd5 exd5 5. Bf4 c6 6. e3 Bf5 7. g4 Be6 8. h4
Nd7 9. h5 Nh6 10. Bxh6 gxh6 11. Nh3 Qb6 12. Rb1 Bd6 13. Qf3 Bb4 14. Bd3 c5 15.
O-O Rg8 16. Bf5 cxd4 17. exd4 Qxd4 18. Rbd1 Qc4 19. Nxd5 Bxf5 20. Qxf5 Qxg4+ 21.
Qxg4 Rxg4+ 22. Kh1 O-O-O 23. f4 Bd6 24. Rf3 Nb8 25. Rfd3 Nc6 26. Nf6 Rh4 27.
Rxd6 Rxh3+ 28. Kg2 Re3 29. Kf2 Re6 30. Rxd8+ Nxd8 31. Nd5 Nc6 32. Kf3 Re8 33.
Ne3 Re6 34. Nf5 Kc7 35. Rg1 Rf6 36. Ke4 Re6+ 37. Kf3 Rf6 38. Ke4 Re6+ 39. Kf3
Rf6 1/2-1/2

[Event "London Classic Open 2018"]
[Site "London ENG"]
[Date "2018.12.16"]
[Round "9.11"]
[White "D'Costa, Lorin A R"]
[Black "Cornette, Matthieu"]
[Result "0-1"]
[WhiteTitle "IM"]
[BlackTitle "GM"]
[WhiteElo "2390"]
[BlackElo "2597"]
[WhiteFideId "409219"]
[BlackFideId "620084"]
[EventDate "2018.12.09"]

1. Nf3 e6 2. b3 d5 3. Bb2 Nf6 4. c4 c5 5. e3 Nc6 6. cxd5 exd5 7. Bb5 Bd6 8. O-O
O-O 9. d4 cxd4 10. Nxd4 Bc7 11. Be2 Qd6 12. g3 Bb6 13. Ba3 Qe5 14. Bxf8 Kxf8 15.
Nd2 Nxd4 16. exd4 Qxd4 17. Kg2 Bf5 18. Nf3 Qe4 19. Rc1 Rd8 20. Kg1 Bh3 21. Bd3
Qb4 22. Re1 Bxf2+ 0-1

[Event "London Classic Open 2018"]
[Site "London ENG"]
[Date "2018.12.16"]
[Round "9.12"]
[White "Lacasa Diaz, Jose Antonio"]
[Black "Hawkins, Jonathan"]
[Result "0-1"]
[WhiteTitle "IM"]
[BlackTitle "GM"]
[WhiteElo "2389"]
[BlackElo "2583"]
[WhiteFideId "2203375"]
[BlackFideId "412686"]
[EventDate "2018.12.09"]

1. d4 Nf6 2. Bf4 d5 3. e3 c5 4. dxc5 Nc6 5. Bb5 e6 6. b4 a5 7. c3 Bd7 8. Qb3 Nh5
9. Ne2 Nxf4 10. Nxf4 g5 11. Nh5 g4 12. Nd2 Qg5 13. Nf4 Bg7 14. Rc1 O-O 15. O-O
axb4 16. Bxc6 Bxc6 17. cxb4 Bb5 18. Rfe1 Ra6 19. Qb1 Rfa8 20. Nb3 Rxa2 21. Na5
Rb2 0-1

[Event "London Classic Open 2018"]
[Site "London ENG"]
[Date "2018.12.16"]
[Round "9.13"]
[White "Milliet, Sophie"]
[Black "Turner, Matthew J"]
[Result "1/2-1/2"]
[WhiteTitle "IM"]
[BlackTitle "GM"]
[WhiteElo "2376"]
[BlackElo "2533"]
[WhiteFideId "623725"]
[BlackFideId "402893"]
[EventDate "2018.12.09"]

1. e4 e5 2. Nf3 Nc6 3. Bc4 Bc5 4. O-O Nf6 5. d3 d6 6. c3 O-O 7. a4 a6 8. Re1 h6
9. Nbd2 Ba7 10. Nf1 Ne7 11. Ng3 Ng6 12. h3 c6 13. Bb3 d5 14. exd5 Nxd5 15. d4
exd4 16. Nxd4 Ndf4 17. Qf3 Bxd4 18. Bxf4 Be6 19. Bc2 Bd5 20. Be4 Be5 1/2-1/2

[Event "London Classic Open 2018"]
[Site "London ENG"]
[Date "2018.12.16"]
[Round "9.14"]
[White "Taylor, Adam C"]
[Black "Janik, Igor"]
[Result "1-0"]
[WhiteTitle "FM"]
[BlackTitle "IM"]
[WhiteElo "2331"]
[BlackElo "2476"]
[WhiteFideId "424668"]
[BlackFideId "1159259"]
[EventDate "2018.12.09"]

1. g3 Nf6 2. Bg2 d5 3. Nf3 Bf5 4. c4 c6 5. cxd5 cxd5 6. d3 Nc6 7. O-O h6 8. Nc3
e6 9. Qa4 Bc5 10. e4 Bh7 11. Ne5 Rc8 12. exd5 exd5 13. Nxc6 bxc6 14. Re1+ Be7
15. Bh3 Rc7 16. Bf4 Bxd3 17. Rad1 1-0

[Event "London Classic Open 2018"]
[Site "London ENG"]
[Date "2018.12.16"]
[Round "9.15"]
[White "Hebden, Mark L"]
[Black "Mirzoyan, Davit T."]
[Result "1/2-1/2"]
[WhiteTitle "GM"]
[BlackTitle "FM"]
[WhiteElo "2425"]
[BlackElo "2382"]
[WhiteFideId "400084"]
[BlackFideId "13308386"]
[EventDate "2018.12.09"]

1. d4 d5 2. c4 e6 3. Nf3 Nf6 4. Bg5 Be7 5. Nc3 h6 6. Bh4 O-O 7. e3 Nbd7 8. Rc1
c5 9. cxd5 Nxd5 10. Bxe7 Nxe7 11. Bb5 cxd4 12. Qxd4 Nf6 13. O-O b6 14. Be2 Bb7
15. Nb5 Nc6 16. Qa4 a6 17. Nbd4 b5 18. Nxc6 Bxc6 19. Qa3 Bd5 20. Ne5 Qb6 21. Bf3
Bxf3 22. gxf3 Rac8 23. Qe7 Rcd8 24. Nc6 Rd7 25. Qa3 Re8 26. Rc2 e5 27. Rfc1 Kh7
28. Rc5 e4 29. f4 Rd3 30. Qa5 Qb7 31. Ne5 Rxe5 32. fxe5 Qd7 33. exf6 Qg4+ 34.
Kf1 Qf3 35. Kg1 1/2-1/2

[Event "London Classic Open 2018"]
[Site "London ENG"]
[Date "2018.12.16"]
[Round "9.18"]
[White "Hector, Jonny"]
[Black "Marzano, Carlo"]
[Result "1-0"]
[WhiteTitle "GM"]
[WhiteElo "2501"]
[BlackElo "2222"]
[WhiteFideId "1700090"]
[BlackFideId "802980"]
[EventDate "2018.12.09"]

1. d4 d5 2. Nc3 Nf6 3. Bg5 Nbd7 4. Nf3 e6 5. e4 dxe4 6. Nxe4 Be7 7. Nxf6+ Bxf6
8. h4 O-O 9. Qe2 c5 10. O-O-O Qa5 11. Kb1 cxd4 12. Nxd4 Bxg5 13. hxg5 Qxg5 14.
g3 Nf6 15. Bg2 Bd7 16. Bxb7 Rab8 17. Ba6 Rb6 18. Bc4 Rfb8 19. b3 a5 20. Nf3 Qc5
21. Ne5 Bb5 22. Bxb5 Rxb5 23. Nd7 Nxd7 24. Rxd7 g6 25. Qd2 h5 26. Rd1 Kg7 27.
Qf4 Qf5 28. Qd4+ Qf6 29. Qa7 Rf8 30. R1d2 Re5 31. a3 Re1+ 32. Rd1 Re2 33. R7d2
Re5 34. Ka2 Rf5 35. Re2 Rc8 36. c4 g5 37. Qd4 Rh8 38. b4 axb4 39. Qxf6+ Kxf6 40.
axb4 h4 41. c5 Rf3 42. gxh4 gxh4 43. Rc2 h3 44. c6 h2 45. c7 Rc8 46. b5 Rf5 47.
b6 Ra5+ 48. Kb1 Rb5+ 49. Rb2 Rg5 50. b7 Rg1 51. bxc8=Q Rxd1+ 52. Ka2 h1=Q 53.
Qd8+ Kg6 54. Qxd1 Qxd1 55. c8=Q Kg7 56. Qc3+ 1-0

[Event "London Classic Open 2018"]
[Site "London ENG"]
[Date "2018.12.16"]
[Round "9.19"]
[White "Eggleston, David J"]
[Black "Mihalik, Agoston"]
[Result "1-0"]
[WhiteTitle "IM"]
[WhiteElo "2397"]
[BlackElo "2220"]
[WhiteFideId "412120"]
[BlackFideId "719021"]
[EventDate "2018.12.09"]

1. e4 c5 2. Nf3 d6 3. d4 cxd4 4. Nxd4 Nf6 5. Nc3 a6 6. h3 e6 7. g4 Be7 8. g5
Nfd7 9. h4 b5 10. a3 Bb7 11. Be3 Nc6 12. Nxc6 Bxc6 13. Qd4 O-O 14. O-O-O Rb8 15.
h5 a5 16. h6 e5 17. Qd2 g6 18. Nd5 Bxd5 19. Qxd5 b4 20. axb4 axb4 21. Rg1 Qc7
22. Bc4 Ra8 23. Bb3 Ra5 24. Qc4 Qb7 25. Kd2 Nc5 26. Bxc5 Rxc5 27. Qd3 Kh8 28.
Bd5 Qb6 29. Ra1 Ra5 30. Raf1 f6 31. gxf6 Bxf6 32. Ke2 Bh4 33. Qe3 Rc5 34. Bb3
Qc7 35. Qd2 Qb7 36. Rg4 Be7 37. Qd3 Qd7 38. f3 Rfc8 39. Ra1 Bf8 40. Ra6 Rd8 41.
Rb6 Bxh6 42. Rxb4 Qa7 43. Ra4 Ra5 44. Rxa5 Qxa5 45. Rg1 Bf4 46. Rb1 h5 47. Be6
Qb6 48. b4 Bg3 49. Qe3 Qxe3+ 50. Kxe3 Rb8 51. b5 Rb6 52. c4 h4 53. Ra1 Bh2 54.
Kf2 Bg3+ 55. Kg2 Bf4 56. Kh3 Be3 57. Ra7 Rb8 58. Ra6 Bc5 59. Kxh4 Kg7 60. Kg3
Kf6 61. Bd5 Kg5 62. Rc6 Kh5 63. Rc7 Kg5 64. Rf7 Be3 65. Kg2 Bd4 66. Rh7 Be3 67.
Kf1 Bd4 68. Ke2 Bc5 69. Kf1 Bd4 70. Kg2 Bc5 71. Rd7 Kh5 72. Bc6 Kg5 73. Kg3 Bb4
74. Rh7 Bc5 75. Kg2 Bd4 76. Rh3 Kf6 77. Rh4 Be3 78. Kf1 Bg5 79. Rg4 Be3 80. Ke2
Bc1 81. Kd3 Ba3 82. f4 exf4 83. Rxf4+ Kg5 84. Rf7 Bc5 85. e5 dxe5 86. Ke4 Bd4
87. Kd5 Kh4 88. c5 g5 89. b6 g4 90. b7 g3 91. Kd6 Kh3 92. Rh7+ Kg4 93. Bg2 e4
94. Bxe4 Kf4 95. Bg2 Be5+ 96. Kc6 Re8 97. Rh4+ Ke3 98. Re4+ Kf2 99. Rxe5 Rxe5
100. b8=Q Rxc5+ 101. Kxc5 Kxg2 102. Kd4 Kh1 103. Ke3 g2 104. Qh8+ Kg1 105. Kf3 1-0

[Event "London Classic Open 2018"]
[Site "London ENG"]
[Date "2018.12.16"]
[Round "9.37"]
[White "Dauletova, Gulmira"]
[Black "Tozer, Philip A A"]
[Result "1-0"]
[WhiteTitle "WIM"]
[WhiteElo "2261"]
[BlackElo "2137"]
[WhiteFideId "13702971"]
[BlackFideId "419982"]
[EventDate "2018.12.09"]

1. e4 e6 2. d4 d5 3. Nc3 Nf6 4. Bg5 Bb4 5. e5 h6 6. Bd2 Bxc3 7. bxc3 Ne4 8. Qg4
Kf8 9. Nf3 c5 10. Bd3 Nxd2 11. Nxd2 c4 12. Be2 Nc6 13. h4 Bd7 14. Rh3 Ne7 15.
Nf1 Nf5 16. Qf4 Qe7 17. Qh2 h5 18. Bxh5 Rxh5 19. g4 Rxh4 20. gxf5 Rxh3 21. Qxh3
Ke8 22. Ne3 f6 23. exf6 Qxf6 24. Kd2 Ke7 25. Rg1 Kd6 26. Rg6 Qe7 27. Qg3+ Kc6
28. Ng4 Kb5 29. Qc7 1-0

[Event "London Classic Open 2018"]
[Site "London ENG"]
[Date "2018.12.16"]
[Round "9.44"]
[White "Sumit, Kumar"]
[Black "Sedykh, Mikhail"]
[Result "1/2-1/2"]
[WhiteElo "2179"]
[BlackElo "2118"]
[WhiteFideId "5054010"]
[BlackFideId "447498"]
[EventDate "2018.12.09"]

1. e4 c5 2. Nf3 Nc6 3. Bb5 g6 4. O-O Bg7 5. Re1 Nf6 6. c3 O-O 7. d3 a6 8. Bxc6
dxc6 9. Qc2 Nd7 10. Be3 e5 11. Nbd2 Qe7 12. d4 cxd4 13. cxd4 exd4 14. Bxd4 Bxd4
15. Nxd4 Qc5 16. N2b3 1/2-1/2

[Event "London Classic Open 2018"]
[Site "London ENG"]
[Date "2018.12.16"]
[Round "9.55"]
[White "Martinez, Ayelen"]
[Black "Burke, John S"]
[Result "1-0"]
[WhiteTitle "WIM"]
[WhiteElo "2185"]
[BlackElo "1980"]
[WhiteFideId "118702"]
[BlackFideId "404322"]
[EventDate "2018.12.09"]

1. e4 d5 2. exd5 Qxd5 3. Nc3 Qd8 4. Bc4 c6 5. Nf3 Bf5 6. O-O Nf6 7. d4 e6 8. Re1
Nbd7 9. Qe2 Nb6 10. Bb3 Be7 11. Bg5 O-O 12. Rad1 h6 13. Bh4 Nfd5 14. Nxd5 Nxd5
15. Bxe7 Nxe7 16. Ne5 Qc7 17. c4 Rad8 18. Qf3 Ng6 19. Nxg6 Bxg6 20. h4 Rd7 21.
h5 Bh7 22. d5 cxd5 23. cxd5 exd5 24. Rxd5 Rxd5 25. Bxd5 b6 26. Re3 Qd7 27. Re5
Bc2 28. b3 Kh8 29. Re1 Bf5 30. Bc6 Qc8 31. Re7 Bg4 32. Qd5 Bxh5 33. Rxa7 Bg6 34.
Ra8 1-0